000 00512nam a2200205Ia 4500
003 GCL
008 140319s9999 xx 000 0 eng d
040 _aGCL /
_cGCL
082 0 4 _a636.082
_bL B
100 1 _aLEGATES,J.E
245 1 0 _aBREEDING AND IMPROVEMENT OF FARM ANIMALS /
_cLEGATES,J.E
700 1 _aWARWICK, EVERETTE J.
260 _a[S.N] :
_bMC GRAW - HILL ،
_c1990
300 _a342 P
650 0 4 _aGENETICS
650 0 4 _aFARMS
650 0 4 _aANIMALS
650 0 4 _aBREEDING
942 _2ddc
_cBK
999 _c20201
_d20201